000 00513cam a2200217ua 4500
020 _cRs. 40.00
041 _aeng
_h
082 _a425
_bPAD/EN
100 _aPadmanabhan, S K P .
245 _aEnglish for engineers
250 _a1 /
_b.
260 _a :
_bC B S Publishers and distributers ,
_c1985.
300 _a374 ; .
365 _aRs. 40.00
504 _a
700 1 _aChatterjee, D N .
700 1 _aJindal, B P .
700 1 _aSinghal, A K.
942 _cBK
999 _c266
_d266